[Event "Grand Slam Final 2nd"]
[Site "Bilbao"]
[Date "2009.09.06"]
[Round "1"]
[White "Karjakin, Sergey"]
[Black "Shirov, Alexei"]
[Result "1/2-1/2"]
[WhiteElo "2722"]
[BlackElo "2730"]
[Annotator "CB"]
[PlyCount "51"]
[EventDate "2009.09.06"]
[EventType "tourn"]
[EventRounds "6"]
[EventCountry "ESP"]
[EventCategory "20"]
[SourceTitle "CBM 132"]
[Source "ChessBase"]
[SourceDate "2009.09.16"]
[SourceVersion "1"]
[SourceVersionDate "2009.09.16"]
[SourceQuality "1"]

1. e4 c5 2. Nf3 d6 3. d4 cxd4 4. Nxd4 Nf6 5. Nc3 g6 $5 {Tras la partida
Karjakin nos conto que le sorprendio mucho la eleccion de apertura de Shirov.
Esta claro que la preparacion de hoy de Shirov fue mas o menos perfecta.} 6.
Be3 Bg7 7. f3 Nc6 8. Qd2 O-O 9. Bc4 Bd7 10. O-O-O Rc8 11. Bb3 {Hasta aqui nada
nuevo bajo el sol. Ahora Shirov se desvia de los caminos principales.} Nxd4 $5
(11... Ne5 12. Kb1 Re8 $1 {Es el estado actual de la teoria en el Dragon, pero
no la eleccion de hoy de Karjakin y Shirov.}) 12. Bxd4 b5 13. Nd5 $1 {La mejor
manera de jugar esta posicion, el blanco consigue una pequena ventaja basada
en su superioridad espacial.} Nxd5 14. Bxg7 Kxg7 15. exd5 {El alfil blanco
apoya el efecto atenazador del peon blanco de "d5". Ahora "e7" es un punto
debil, el rey negro se siente inseguro y el blanco disfruta de ventaja
espacial.} a5 16. a3 Kg8 $1 {Una mejora sobre la entrega mecanica de peon.
Shirov ha llegado a la conclusion de que el negro no debe apresurarse en
entregar el peon, en vez de eso, el negro realiza jugadas utiles antes de
realizar la entrega.} (16... b4 17. axb4 axb4 18. Qxb4 {Es la linea mas jugada,
pero ahora el blanco ha desarrollado varios metodos defensivos para jugar
contra la iniciativa negra. Por ejemplo, comparado con la partida el flanco de
rey es mas seguro para el rey blanco.}) 17. Rhe1 {Parece una jugada normal,
manteniendo a la dama atada a la defensa del peon negro de "e7".} Rc5 {Otra
jugada flexible antes de entregar el peon.} 18. g4 b4 $1 19. axb4 axb4 20. Qxb4
Qa8 21. Kd2 Rb8 {Comparado con la linea mas jugada, el negro ha mejorado mucho.
} 22. Ra1 Rxd5+ (22... Qxd5+ $5 {Karjakin y Shirov han comentado que esta es
la unica manera de jugar a ganar con negras, pero parece muy arriesgado.} 23.
Bxd5 Rxb4 {Looks unclear.}) 23. Ke3 Re5+ 24. Kd2 (24. Kf2 $2 Qxf3+ 25. Kxf3
Rxb4) 24... Rd5+ 25. Ke3 Re5+ 26. Kd2 1/2-1/2

[Event "Interpolis"]
[Site "Tilburg"]
[Date "1992.10.14"]
[Round "3.1"]
[White "Anand, Viswanathan"]
[Black "Tiviakov, Sergei"]
[Result "1/2-1/2"]
[WhiteElo "2690"]
[BlackElo "2585"]
[Annotator "ChessBase"]
[PlyCount "126"]
[EventDate "1992.10.08"]
[EventType "k.o."]
[EventRounds "7"]
[EventCountry "NED"]
[SourceTitle "CBM 032"]
[Source "ChessBase"]
[SourceDate "1993.02.01"]
[SourceVersion "1"]
[SourceVersionDate "1993.02.01"]
[SourceQuality "1"]

1. e4 c5 2. Nf3 d6 3. d4 cxd4 4. Nxd4 Nf6 5. Nc3 g6 6. Be3 Bg7 7. f3 Nc6 8. Qd2
O-O 9. Bc4 Bd7 10. h4 h5 11. O-O-O Ne5 12. Bb3 Rc8 13. Kb1 $6 Nc4 14. Bxc4 Rxc4
15. Nde2 (15. Nb3) 15... b5 16. Bd4 $6 $146 (16. Bh6 b4 (16... Qa5 {Suetin,
A-Szabo,L/Leningrad/1967/}) 17. Bxg7 Kxg7 18. Nd5 Nxd5 19. exd5 Qa5 {
Grunchacz-Miles,A/USA/1980/}) (16. e5 dxe5 17. Bg5 Rc7 18. Bxf6 exf6 19. g4 Qe8
20. gxh5 Be6 $15 {Liberzon-Miles,A/Haifa ol/1976/}) 16... e5 $1 (16... b4 17.
Bxf6 (17. Nd5 e5 18. Nxf6+ Bxf6 19. Be3) 17... Bxf6 18. Nd5 Bg7 19. Nxb4) 17.
Be3 (17. Bxa7 Qa5 $17) 17... b4 18. Nd5 Nxd5 19. Qxd5 Rc6 (19... Be6 20. Qxd6
Qa5 21. Nc1 Rfc8 22. Nb3 Qb5 $36) 20. c4 Qc7 21. b3 (21. c5 Be6 22. cxd6 Qb7
23. Qd3 Bc4 $5 24. Qd2 Rd8 $17) 21... a5 22. Rd2 (22. c5 Qa7 23. Qd2 a4 24.
cxd6 Qa5 $40) 22... a4 23. Rc1 Be6 24. Qd3 Rc8 25. Rcc2 $6 (25. Rb2 $1) 25...
Qa5 26. Nc1 Ra8 (26... Bf8 $5 {/\ Ra8}) 27. bxa4 Qxa4 28. Qb3 (28. Nb3 Bf8 29.
Bf2 Qa6 $19) 28... Qa6 (28... Qa5 29. Nd3 Rac8 30. Nb2 $15) 29. Qxb4 Bxc4 (
29... Bh6 $5 30. Qb3 $8 (30. Bxh6 Rb6 $19) 30... Bxe3 (30... Bxc4 31. Rxc4 Rxc4
32. Bxh6 $16) 31. Qxe3 Bxc4 $17) 30. Rb2 Bf8 (30... d5 $1 31. Rdc2 $1 (31. exd5
Bf8 32. Qb7 (32. dxc6 Bxb4 33. Rxb4 Be6 $19) 32... Bxa2+ 33. Nxa2 Qf1+ $19)
31... d4 32. Bd2 $17) 31. Rdc2 d5 32. Qb7 Qxb7 (32... d4 33. Qxa6 Raxa6 34. Bd2
Ba3 35. Rb8+ Kg7 $17) (32... Bxa2+ 33. Nxa2 Qxb7 34. Rxb7 Rxc2 35. Kxc2 Rxa2+
36. Rb2 $17) 33. Rxb7 d4 (33... dxe4 $5 34. fxe4 $17) 34. Bd2 Rac8 (34... f5)
35. Kb2 Bf1 (35... f5 $17) 36. Rxc6 Rxc6 37. g3 d3 (37... Bg2 38. Nd3 f6 39.
Ne1) 38. Kb1 $1 (38. Bc3 Ba3+ 39. Kxa3 Rxc3+ 40. Nb3 d2 41. Rd7 Bd3 $19) (38.
Nb3 Bg2 $19) 38... Bg2 39. Nxd3 Bxf3 40. Nf2 $1 (40. Nxe5 Bxe4+ 41. Ka1 Rc5 $1
42. Rb8 Rxe5 43. Bb4 Rb5 $3 44. Rxf8+ Kg7 45. a3 Rxb4 46. axb4 Kxf8 $19) 40...
Rc4 (40... Bc5 41. Rb3 $1 Rb6 42. Rxb6 Bxb6 43. Be1 f5 $17) 41. Rb3 Bxe4+ 42.
Nxe4 Rxe4 43. Re3 $1 Rg4 (43... Rxe3 44. Bxe3 $132) 44. Rxe5 Rxg3 45. a4 Bb4 (
45... Rg4 46. a5 Rxh4 $2 47. a6 Ra4 48. Ba5 $18) 46. Bc1 (46. Bxb4 Rb3+ 47. Kc2
Rxb4 48. a5 Rxh4 $19) (46. Bg5 $5 f6 47. Bxf6 Bc3 48. Rg5 $1) 46... f6 47. Rb5
Rg4 48. a5 Bxa5 49. Rxa5 Rxh4 50. Ra8+ Kf7 51. Ra7+ Ke6 52. Ra6+ Kf5 53. Ra5+
Kg4 54. Ra6 Kg3 $2 (54... Kh3 55. Rxf6 Rg4 $17) 55. Rxf6 Rg4 56. Bd2 h4 57.
Be1+ Kh3 58. Kc2 g5 59. Kd3 Rg2 (59... Kg2 60. Rf2+ Kg1 61. Rf3 Rg2 62. Ke3 g4
63. Bxh4 gxf3 64. Kxf3 $10) 60. Bf2 Kh2 61. Ke2 h3 62. Kf1 Kh1 63. Rf3 g4
1/2-1/2

[Event "Bayamo"]
[Site "Bayamo"]
[Date "1984.??.??"]
[Round "?"]
[White "Rodriguez Cespedes, Amador"]
[Black "Hernandez Onna, Roman"]
[Result "0-1"]
[WhiteElo "2360"]
[BlackElo "2460"]
[Annotator "ChessBase"]
[PlyCount "58"]
[EventDate "1984.02.??"]
[EventType "tourn"]
[EventRounds "13"]
[EventCountry "CUB"]
[EventCategory "8"]
[SourceTitle "MCL"]
[Source "ChessBase"]
[SourceDate "1999.07.01"]
[SourceVersion "1"]
[SourceVersionDate "1999.07.01"]
[SourceQuality "1"]

1. e4 c5 2. Nf3 Nc6 3. d4 cxd4 4. Nxd4 g6 5. Nc3 Bg7 6. Be3 Nf6 7. Bc4 O-O 8.
Bb3 d6 9. f3 Bd7 10. Qd2 Rc8 11. h4 h5 12. O-O-O Ne5 13. Bg5 Rc5 14. g4 hxg4
15. f4 Nc4 16. Qd3 b5 17. h5 Nxh5 18. f5 $6 Bxd4 $1 (18... a6 19. Nd5 Re8 20.
fxg6 fxg6 21. e5 Rxd5 22. Qxg6 dxe5 23. Rxh5 Bf5 24. Rh8+ $1 Kxh8 25. Rh1+ Kg8
26. Nxf5 {1-0/Pirisi-Sapi/HUN/1983/}) 19. Qxd4 e5 $1 $19 20. Bxd8 $8 exd4 21.
Be7 dxc3 (21... Re8 22. Bxd6 $1 Nxd6 23. Rxd4 $132) 22. Bxd6 (22. Bxf8 Kxf8 $19
) 22... cxb2+ 23. Kb1 Nxd6 24. Rxd6 Kg7 $1 (24... Bc6 $4 25. Rxg6+ Ng7 26. f6
$18) 25. Rxd7 Nf6 26. Rxa7 (26. Re7 gxf5 27. e5 Nd5 $19) 26... Nxe4 27. fxg6
Nd2+ 28. Kxb2 Nxb3 29. axb3 Kxg6 0-1

[Event "URS-ch FL56"]
[Site "Klaipeda"]
[Date "1988.??.??"]
[Round "?"]
[White "Mikhalchishin, Adrian"]
[Black "Shirov, Alexei"]
[Result "1-0"]
[WhiteElo "2480"]
[BlackElo "2380"]
[Annotator "ChessBase"]
[PlyCount "49"]
[EventDate "1988.11.??"]
[EventType "tourn"]
[EventRounds "17"]
[EventCountry "URS"]
[EventCategory "9"]
[SourceTitle "CBM 011"]
[Source "ChessBase"]
[SourceDate "1989.08.01"]
[SourceVersion "1"]
[SourceVersionDate "1989.08.01"]
[SourceQuality "1"]

1. e4 c5 2. Nf3 d6 3. d4 cxd4 4. Nxd4 Nf6 5. Nc3 g6 6. Be3 Bg7 7. f3 O-O 8. Qd2
Nc6 9. Bc4 Bd7 10. O-O-O Qb8 11. h4 b5 12. Bd5 Rc8 13. Kb1 (13. Bxc6 Bxc6 14.
Nxc6 Rxc6 15. Nd5 Nxd5 16. exd5 Rc4 17. h5 Qf8 $1 {Gufeld 1982: /\ Rc8}) 13...
b4 14. Nce2 Nxd5 15. Nxc6 Rxc6 16. exd5 Ra6 17. Bd4 Qb5 18. Bxg7 Rc8 $1 19. b3
$1 Kxg7 (19... Rxc2 $6 20. Qxc2 Bf5 21. Qxf5 gxf5 22. Nd4 Qa5 23. Rd2 Kxg7 24.
Nxf5+ Kf6 25. g4 $16) 20. g4 h5 $2 {20...h6!} 21. Nc1 Kg8 22. Rhg1 Rc3 23. Qf4
Kf8 24. gxh5 Bf5 25. Qxf5 $1 1-0

[Event "Copenhagen IM (Politiken Cup-05)"]
[Site "Copenhagen"]
[Date "1983.10.21"]
[Round "7"]
[White "Iskov, Gert"]
[Black "Karlsson, Lars"]
[Result "0-1"]
[WhiteElo "2360"]
[BlackElo "2505"]
[Annotator "ChessBase"]
[PlyCount "80"]
[EventDate "1983.10.14"]
[EventType "tourn"]
[EventRounds "9"]
[EventCountry "DEN"]
[SourceTitle "MCL"]
[Source "ChessBase"]
[SourceDate "1999.07.01"]
[SourceVersion "1"]
[SourceVersionDate "1999.07.01"]
[SourceQuality "1"]

1. e4 c5 2. Nf3 d6 3. d4 cxd4 4. Nxd4 Nf6 5. Nc3 g6 6. Be3 Bg7 7. f3 O-O 8. Qd2
Nc6 9. Bc4 (9. O-O-O d5 10. exd5 Nxd5 11. Nxc6 bxc6 12. Bd4 e5 13. Bc5 Re8 $5
14. Nxd5 cxd5 15. Qxd5 Qxd5 16. Rxd5 Be6 17. Rd6 Bxa2 $13) 9... Bd7 10. O-O-O
Rc8 11. Bb3 Ne5 12. Kb1 $5 Nc4 13. Bxc4 Rxc4 14. Nde2 b5 (14... Be6) 15. Bh6
Bxh6 $146 (15... b4 16. Nd5 Nxd5 17. Bxg7 Kxg7 18. exd5 Qa5 19. g4 Rfc8 20. Nd4
$1 Qxd5 21. Nf5+ Bxf5 22. Qxd5 Bxc2+ 23. Ka1 Bxd1 24. Qxd1) 16. Qxh6 b4 17. Nd5
Nxd5 18. exd5 Qb6 (18... Qa5 19. b3 $2 Rxc2 20. Kxc2 Qxa2+) 19. b3 $2 Qf2 $6 (
19... Rc5 20. Rd4 Bf5 21. Rc1 Rfc8 22. Rh4 g5 23. Qxg5+ Bg6 24. Nd4 f6 25. Qg4
$16) (19... Bf5 $5) 20. Rd2 $2 (20. bxc4 Qxe2 21. Rhe1 (21. Qd2 Qxc4 22. Rhe1
a5 (22... Bf5 $2 23. g4) 23. Rxe7 Ba4 $36) (21. g4) 21... Qxc4 22. Rxe7 Bf5 23.
Rd2 b3 $1) 20... Rh4 21. Ng3 Rxh6 22. Rxf2 Rh4 23. Re2 Re8 24. Ne4 Rh5 25. Rd2
$2 (25. c4 bxc3 26. Nxc3) 25... Re5 $1 26. Rd4 f5 27. Ng3 a5 28. Rhd1 Rc8 29.
Kb2 Bb5 30. R1d2 Re3 $17 31. a3 bxa3+ 32. Kxa3 a4 33. Rb4 Rc5 34. Kb2 (34. c4
$2 Bxc4) 34... axb3 35. cxb3 Re1 36. Rbd4 Kf7 37. f4 Kf6 38. b4 $4 Rcc1 39. Rc2
Rb1+ 40. Ka2 Ba4 (40... Ba4 41. Re2 (41. Rc6 Ra1+ 42. Kb2 Reb1+ 43. Kc3 Ra3+
44. Kd2 Rd1+ {/\ Rxd4}) 41... Ra1+ 42. Kb2 Reb1+ 43. Kc3 Ra3+ 44. Kd2 Rd1#) 0-1

[Event "Interpolis"]
[Site "Tilburg"]
[Date "1989.09.15"]
[Round "1"]
[White "Kasparov, Garry"]
[Black "Piket, Jeroen"]
[Result "1-0"]
[WhiteElo "2775"]
[BlackElo "2540"]
[Annotator "ChessBase"]
[PlyCount "79"]
[EventDate "1989.09.15"]
[EventType "tourn"]
[EventRounds "14"]
[EventCountry "NED"]
[EventCategory "15"]
[SourceTitle "CBM 015"]
[Source "ChessBase"]
[SourceDate "1990.04.01"]
[SourceVersion "1"]
[SourceVersionDate "1990.04.01"]
[SourceQuality "1"]

1. e4 c5 2. Nf3 d6 3. d4 cxd4 4. Nxd4 Nf6 5. Nc3 g6 6. Be3 Bg7 7. f3 Nc6 8. Qd2
O-O 9. Bc4 Bd7 10. h4 Ne5 11. Bb3 Rc8 12. O-O-O Nc4 13. Bxc4 Rxc4 14. h5 Nxh5
15. g4 Nf6 16. Bh6 $5 {16.e5!?, 16.Nb3, 16.Nd5} Nxe4 $1 17. Qe3 $1 (17. Nxe4
Rxd4 18. Qh2 Be5) (17. Qh2 Rxd4 18. Bxg7 Rxd1+ 19. Nxd1 Kxg7 20. Qh6+ Kf6 21.
Qf4+ Kg7 22. Qh6+ $10) 17... Rxc3 18. bxc3 Nf6 (18... Bxh6 $2 19. Qxh6 Nf6 20.
g5 Nh5 21. Rxh5 gxh5 22. Rh1 Qa5 23. Rxh5 Bf5 24. g6 $1 $18) 19. Bxg7 Kxg7 20.
Rh2 $1 {Rh4!?} (20. Qh6+ $2 Kh8 $1 21. g5 Nh5 22. Rxh5 gxh5 23. Rh1 Rg8 $1 24.
Rxh5 Rg7) 20... Rh8 {/\ 21...Bxg4 22.fxg4 Nxg4} 21. Nb3 $1 Bc6 (21... b6 22.
Re1 e5 23. Rd2 $16) 22. g5 Nh5 23. f4 Re8 24. f5 Qb6 25. Nd4 Qc5 $1 26. Re1 Bd7
27. Qf3 Bc6 28. Qe3 Bd7 29. Qf3 Bc6 30. Qf2 $6 (30. Nxc6 Qxc6 (30... bxc6 31.
f6+ $36) 31. Qxc6 bxc6 32. Rhe2 Kf8 33. f6 e5 34. Rd2 $14) 30... Kg8 $2 (30...
Qxc3 $1 31. f6+ (31. Rxe7 $1 Rxe7 32. f6+ Kf8 33. fxe7+ Ke8 $1 {Timman} (33...
Kxe7 34. Nxc6+ Qxc6 35. Qxa7 $16) 34. Nxc6 bxc6 35. Rh4 Ng3 $1 36. Qxa7 Qe1+
37. Kb2 Ne4 $1 38. Rh3 Nc5 $1 $10) 31... exf6 32. Rxe8 Bxe8 33. Rxh5 gxh5 34.
gxf6+ Kg6 35. Qf5+ Kh6 $10) 31. Re3 $1 Bd5 32. Rxh5 $1 gxh5 33. Qh4 Qc4 (33...
Kh8 34. Qxh5 Rg8 35. Rh3 Rg7 36. f6 exf6 37. gxf6 Rg1+ 38. Kb2 Be4 39. Qxf7 $18
) 34. Qxh5 Qf1+ 35. Kb2 e5 36. Qh6 $1 Kh8 37. g6 fxg6 38. fxg6 Re7 39. Rf3 Qc4
40. Qf8+ 1-0

[Event "Biel"]
[Site "Biel"]
[Date "1986.07.21"]
[Round "2"]
[White "Lobron, Eric"]
[Black "Miles, Anthony John"]
[Result "1-0"]
[WhiteElo "2515"]
[BlackElo "2570"]
[Annotator "Dolmatov,S"]
[PlyCount "85"]
[EventDate "1986.07.20"]
[EventType "tourn"]
[EventRounds "11"]
[EventCountry "SUI"]
[EventCategory "12"]
[SourceTitle "MCL"]
[Source "ChessBase"]
[SourceDate "1999.07.01"]
[SourceVersion "1"]
[SourceVersionDate "1999.07.01"]
[SourceQuality "1"]

1. e4 c5 2. Nf3 d6 3. d4 cxd4 4. Nxd4 Nf6 5. Nc3 g6 6. Be3 Bg7 7. f3 O-O 8. Qd2
Nc6 9. Bc4 Bd7 10. h4 Rc8 11. Bb3 h5 12. O-O-O Ne5 13. Bg5 Nh7 14. Bh6 Bxh6 15.
Qxh6 Rxc3 16. bxc3 Qc7 (16... Qa5 17. Ne2 $14 {Tal,M-Mishta/Dubna/1973/}) 17.
Kb1 Nc4 (17... Qxc3 18. Ne2 (18. g4 Nc4 19. Bxc4 Qxc4 20. gxh5) 18... Qc5 19.
g4 Nf6 20. gxh5 Nxh5 21. Rd5 Qf2 22. Rxe5 dxe5 23. Qxg6+ Ng7 24. Rg1 $18) 18.
g4 hxg4 (18... Nf6 19. Nf5 $18) 19. f4 Rc8 20. Rd3 (20. h5 $2 Na3+ 21. Kc1 Qxc3
22. Bxf7+ Kh8 $1 $19) 20... Qa5 21. h5 g5 22. e5 $1 dxe5 (22... gxf4 23. e6
Bxe6 (23... fxe6 24. Rg1 (24. Nxe6 Qe5 25. Nxf4 Qg5 $13) 24... Nf6 25. Qg6+ Kh8
26. Bxc4 Rxc4 27. h6) 24. Nxe6 fxe6 25. Qxe6+ $18) 23. Bxc4 Rxc4 (23... exd4
24. Bxf7+ $18) 24. Nb3 Qc7 25. fxg5 (25. Rhd1 $2 Rc6 26. Rxd7 Qxd7 $17) 25...
Bf5 (25... Qc6 26. g6 Qxh1+ 27. Kb2 $16) 26. g6 Nf6 $2 (26... Nf8 $8 27. Rd2
Rxc3 28. gxf7+ Kxf7 29. Qg5 Rf3 30. h6 $16) 27. Rd2 Rxc3 28. Rhd1 $18 Bxc2+ 29.
Rxc2 Rxc2 30. gxf7+ Kxf7 31. Qg6+ Ke6 32. Qxc2 Qxc2+ 33. Kxc2 Nxh5 34. Kd2 Kf5
35. Ke3 g3 36. Nd2 Kg4 37. Nf3 g2 38. Kf2 Nf4 39. Nxe5+ Kh3 40. Rd8 Kh2 41.
Nf3+ Kh3 42. Ng1+ Kg4 43. Rd7 1-0

[Event "Goodricke op 07th"]
[Site "Kolkata"]
[Date "1996.??.??"]
[Round "7"]
[White "Volzhin, Alexander"]
[Black "Konguvel, Ponnuswamy"]
[Result "1-0"]
[WhiteElo "2485"]
[BlackElo "2395"]
[Annotator "Dolmatov,S"]
[PlyCount "161"]
[EventDate "1996.02.??"]
[EventType "swiss"]
[EventRounds "11"]
[EventCountry "IND"]
[SourceTitle "CBM 050 Extra"]
[Source "ChessBase"]
[SourceDate "1996.03.01"]
[SourceVersion "1"]
[SourceVersionDate "1996.03.01"]
[SourceQuality "1"]

1. e4 c5 2. Nf3 d6 3. d4 cxd4 4. Nxd4 Nf6 5. Nc3 g6 6. Be3 Bg7 7. f3 O-O 8. Qd2
Nc6 9. Bc4 Bd7 10. O-O-O Qb8 $6 (10... Rc8) 11. h4 b5 (11... Rc8 12. Nd5 Nxd5
13. Bxd5 Nxd4 14. Bxd4 Bxd4 15. Qxd4 Qc7 16. Rd2 $16) 12. Bd5 (12. Ndxb5 Ne5
13. Be2 Qb7 14. Nd4 $14) (12. Bxb5 $2 Nxd4 13. Bxd7 Nxf3 14. gxf3 Nxd7 $15)
12... Rc8 (12... Nxd5 13. Nxd5 Qb7 14. h5 $40) 13. Kb1 b4 14. Nce2 Nxd5 15.
Nxc6 (15. exd5 Ne5 16. b3 Qb7) 15... Nc3+ (15... Bxc6 16. exd5 Ba4 17. b3 Bd7
18. Bd4 Bf5 19. Rc1 Qb7 20. Bxg7 Kxg7 21. g4 $16) 16. Nxc3 Bxc6 (16... bxc3 $2
17. Nxb8 cxd2 (17... Raxb8 $2 18. Qd3 Rxb2+ 19. Ka1 $18) 18. Nxd7 Rc7 19. Nc5
dxc5 20. Rxd2 $18) 17. Nd5 Bxd5 (17... Qb7 18. h5 $5 (18. Nxb4 Rab8 19. c3 Bxc3
$1 20. bxc3 a5 $132)) 18. exd5 a5 19. h5 a4 20. hxg6 fxg6 (20... hxg6 21. Bd4
$16) 21. Bd4 Bxd4 22. Qxd4 Qc7 23. Rc1 (23. Qh4 $2 Qxc2+ 24. Ka1 h5 $17) (23.
Qe4 b3 $1 24. cxb3 axb3 25. axb3 (25. a3 $2 Qc2+ 26. Ka1 Rxa3+ $19) 25... Qa7)
23... Qc4 24. Qd2 $2 (24. Rh4 $5 Qxd4 25. Rxd4 Rab8 26. Re1 $16) 24... Rf8 25.
Rhe1 Rf4 26. Rxe7 a3 27. b3 Qd4 28. Qxd4 Rxd4 29. Rh1 Rxd5 (29... h5 30. Re6
Kf7 31. Rxd6 Re8 $44) 30. Rexh7 Raa5 31. Kc1 Re5 32. f4 Re4 33. g3 Rc5 34. Rh8+
Kf7 35. R1h7+ Ke6 36. Re8+ Kd5 37. Rxe4 Kxe4 38. Rh6 Kf5 39. Kd2 Rd5+ 40. Ke3
Rc5 (40... Rd1 41. g4+ Kxg4 42. Rxg6+ Kf5 43. Rg5+ Kf6 44. Rb5 Ra1 45. Rxb4
Rxa2 46. Kd2 $18) 41. g4+ Kf6 42. Rh2 Rc3+ 43. Ke4 g5 44. f5 Rg3 45. Rh6+ Ke7
46. Re6+ Kd7 47. Kd5 (47. Rg6 Rxg4+ 48. Kd5 Rg2 49. Rg7+ Ke8 50. Ke6 Re2+ 51.
Kf6 Rxc2 52. Re7+ Kd8 53. Re1 Rxa2 54. Kg7 Rb2) 47... Rc3 48. Re2 $2 (48. Rxd6+
Kc7 (48... Ke7 49. Rc6 $18) 49. f6 Rxc2 50. f7 Rf2 51. Ra6 Kb7 52. Ra4 $18)
48... Rc5+ 49. Kd4 Rc3 50. Rf2 Rg3 51. f6 Rxg4+ 52. Kd5 Ke8 53. Ke6 Rf4 (53...
Re4+ 54. Kf5 $18) 54. Rh2 Rh4 55. Rd2 Re4+ 56. Kf5 Rf4+ 57. Kg6 g4 58. Re2+ (
58. Kg7 g3 59. Re2+ Kd7 60. f7 Rg4+ 61. Kh6 Rf4 62. Kg6 d5) 58... Kf8 59. Rh2
Kg8 60. Re2 Kf8 61. Rh2 Kg8 62. Rg2 g3 63. Rxg3 Rf2 64. Rg4 Rxc2 65. Rxb4 Rg2+
66. Kf5 Rxa2 67. Rb8+ Kh7 $2 (67... Kf7 68. Rb7+ Kf8 69. Ke6 Re2+ 70. Kxd6 a2
71. Ra7 Rb2 72. Ke6 Re2+ 73. Kd5 Rb2 74. Kc4 Rf2) 68. f7 Rf2+ 69. Ke6 a2 70.
Ra8 Kg7 71. Rg8+ Kh7 72. Rg1 $18 d5 73. Ke7 Re2+ 74. Kf8 Rf2 (74... d4 75. Rh1+
Kg6 76. Kg8) 75. b4 d4 76. b5 d3 77. b6 Rb2 78. Rh1+ Kg6 79. Kg8 Rb1 80. f8=Q
a1=Q 81. Qf7+ (81. Qf7+ Kg5 82. Rh5+ Kg4 83. Qf5+ Kg3 84. Rh3+ Kg2 85. Qf3+)
1-0